| 000 | 01047cab a2200313 4500 | ||
|---|---|---|---|
| 001 | ABS51255 | ||
| 008 | 090401t1994 xxu||||| |||| 00| 0 eng d | ||
| 035 | _a(Sirsi) u17584 | ||
| 041 | _aeng | ||
| 245 | _aFocus `94: Finance | ||
| 260 | _c1994 | ||
| 350 | _a0 | ||
| 490 |
_aEstates Gazette _v(9433) 20 August 1994, 45-57(10) |
||
| 520 | _aAn Estates Gazette focus on property finance, overviews the market, looks14t the cautious approach by UK banks returning to the market after the recession, building societies and commercial mortgages, the reverse yield gap and the services offered to banks by surveyors. | ||
| 650 | _aBANK LENDING | ||
| 650 | _aBANKS | ||
| 650 | _aBUILDING SOCIETIES | ||
| 650 | _aCOMMERCIAL MORTGAGE MARKET | ||
| 650 | _aDEBT FINANCE | ||
| 650 | _aPROPERTY ADVICE | ||
| 650 | _aPROPERTY FINANCE | ||
| 650 | _aREVERSE YIELD GAP | ||
| 650 | _aSURVEYORS SERVICES | ||
| 650 | _aVALUERS | ||
| 650 | _aVGN12 | ||
| 690 | _aPROPERTY-PROPERTY FINANCE AND INVESTMENT | ||
| 942 | _n0 | ||
| 948 | _c04/03/1997 | ||
| 999 |
_c11658 _d11658 |
||